[Event "Budapest Art Pub Cup 3rd"]
[Site "Budapest"]
[Date "2014.01.05"]
[Round "6"]
[White "Terbe, Julianna"]
[Black "Kovacs, K Arpad"]
[Result "1-0"]
[WhiteElo "2040"]
[BlackElo "1954"]
[PlyCount "67"]
[EventDate "2014.01.02"]
[EventType "swiss"]
[EventRounds "7"]
[EventCountry "HUN"]
[SourceTitle "CBM 158 Extra"]
[Source "ChessBase"]
[SourceDate "2014.02.28"]
[SourceVersion "1"]
[SourceVersionDate "2014.02.28"]
[SourceQuality "1"]

1. Nf3 d5 2. g3 Nc6 3. d4 Nf6 4. Bg2 h6 5. 0-0 Bf5 6. c3 e6 7. Nbd2 Bd6 8. b3 a5 9. a4 Qe7 10. Bb2 Ne4 11. Nxe4 Bxe4 12. Nd2 Bxg2 13. Kxg2 f5 14. Qc2 Qf7 15. Nf3 g5 16. c4 Nb4 17. Qd2 b6 18. c5 g4 19. cxd6 gxf3+ 20. exf3 c6 21. Bc3 Na6 22. Rfe1 Kd7 23. b4 axb4 24. Bxb4 h5 25. Ba3 f4 26. Rab1 Rab8 27. Rb2 Rb7 28. Reb1 b5 29. axb5 cxb5 30. Rxb5 Rxb5 31. Rxb5 Rb8 32. Qa5 Qe8 33. Qxa6 Qc8 34. Qa7+ 1-0

[Event "Budapest Art Pub Cup 3rd"]
[Site "Budapest"]
[Date "2014.01.03"]
[Round "3"]
[White "Kovacs, K Arpad"]
[Black "Gyurkovics, Miklos"]
[Result "0-1"]
[WhiteElo "1954"]
[BlackElo "2145"]
[PlyCount "120"]
[EventDate "2014.01.02"]
[EventType "swiss"]
[EventRounds "7"]
[EventCountry "HUN"]
[SourceTitle "CBM 158 Extra"]
[Source "ChessBase"]
[SourceDate "2014.02.28"]
[SourceVersion "1"]
[SourceVersionDate "2014.02.28"]
[SourceQuality "1"]

1. e4 d6 2. d4 Nf6 3. Nc3 c6 4. Bd3 e5 5. d5 Be7 6. Nge2 0-0 7. 0-0 Nbd7 8. h3 Nc5 9. Ng3 cxd5 10. Nxd5 Nxd5 11. exd5 f5 12. c4 a5 13. b3 Bd7 14. Bc2 Rf7 15. Bb2 Qb6 16. Bc3 Bh4 17. Kh2 f4 18. Nh1 e4 19. Bd4 Re8 20. Re1 Qd8 21. g4 Bf6 22. a3 Bxd4 23. Qxd4 Qh4 24. Rg1 h5 25. Bd1 f3 26. Rg3 hxg4 27. Bc2 Qf6 28. Qxf6 Rxf6 29. Re1 gxh3 30. Re3 Rf4 31. b4 axb4 32. axb4 Nd3 33. Bxd3 exd3 34. Rxd3 Rxc4 35. Rgxf3 Rxb4 36. Ng3 Bg4 37. Rfe3 Rxe3 38. Rxe3 Kf7 39. Re4 Rxe4 40. Nxe4 Ke7 41. Kg3 Bd7 42. f4 b5 43. Nf2 b4 44. Nd1 b3 45. Nb2 Bf5 46. Nc4 Kf6 47. Nb2 Bd7 48. Nd3 Bb5 49. Nb2 Kf5 50. Nd1 g6 51. Ne3+ Ke4 52. Nd1 Bf1 53. Nc3+ Kd4 54. Nd1 Bg2 55. Kf2 Bxd5 56. Kg3 Be6 57. Nb2 Kc3 58. Nd1+ Kd3 59. Nb2+ Kc2 60. Na4 b2 0-1

[Event "Budapest Art Pub Cup 3rd"]
[Site "Budapest"]
[Date "2014.01.03"]
[Round "2"]
[White "Kovacs, K Arpad"]
[Black "Vargyas, Zoltan"]
[Result "1-0"]
[WhiteElo "1954"]
[BlackElo "2129"]
[PlyCount "63"]
[EventDate "2014.01.02"]
[EventType "swiss"]
[EventRounds "7"]
[EventCountry "HUN"]
[SourceTitle "CBM 158 Extra"]
[Source "ChessBase"]
[SourceDate "2014.02.28"]
[SourceVersion "1"]
[SourceVersionDate "2014.02.28"]
[SourceQuality "1"]

1. e4 c6 2. d4 d5 3. exd5 cxd5 4. c4 Nf6 5. Nc3 e6 6. Nf3 Bb4 7. Bd2 0-0 8. Qc2 b6 9. cxd5 Nxd5 10. Bd3 h6 11. a3 Be7 12. h3 Ba6 13. Nxd5 exd5 14. 0-0 Bxd3 15. Qxd3 Nd7 16. Rfe1 Bf6 17. Qf5 Rc8 18. Qxd5 Nb8 19. Qe4 Qd7 20. Bc3 Rfd8 21. Rad1 Qa4 22. Ne5 a5 23. f4 Na6 24. Qb7 Bxe5 25. fxe5 Qb5 26. a4 Qc4 27. Qxb6 Nc7 28. Qxa5 Nd5 29. Qb5 Qc7 30. Ba5 Qc2 31. Bxd8 Nf4 32. Qf1 1-0